| 000 | 00509nam a2200157 4500 | ||
|---|---|---|---|
| 005 | 20260309105156.0 | ||
| 008 | 260221b |||||||| |||| 00| 0 eng d | ||
| 041 | _a978-93-91558-54-3 | ||
| 082 | _aX 891 AAF 12241 | ||
| 100 |
_aआफळे गिरीश _9216771 |
||
| 245 | _aस्वातंत्र्यलढ्यात रा. स्व. संघाचा सहभाग | ||
| 260 |
_aPune _bBharatiya Vichar Sadhana _c2023 |
||
| 300 |
_a104p _bpb |
||
| 365 |
_aRupaye _b80 _cINR |
||
| 942 | _cBK | ||
| 999 |
_c370498 _d370498 |
||